000 00647nas a2200229 4500
001 BR9202616
003 BR-BrBNA
005 20231205092523.0
007 ta
008 230509b bl.|||p| |||| 00| 00por d
040 _aBR-BrBNA
_bpor
_cBiblioteca Nacional de Agricultura
041 _a(Pt)
072 _aE21
100 1 _aUngaretti, G.
245 1 _aOvo se torna liquido ou po
650 _aOVO EM PO
650 _aALIMENTO DESIDRATADO
650 _aINDUSTRIA AGRICOLA
773 0 _tManchete Rural (Brazil)
_x(ISSN 0102-8901
_g(Sep 1990), v. 4(42) p. 29-30
_wBR9202616
909 _a202311
_bLúcia
_c55
_dLúcia Elande
942 _2AGRIS
_n0
_cANA
999 _c132319
_d132319